Defectos de fundición / (Record no. 52808)

MARC details
000 -LEADER
campo de control de longitud fija 00623nam a2200181 i 4500
001 - NÚMERO DE CONTROL
campo de control 52808
003 - IDENTIFICADOR DE NÚMERO DE CONTROL
campo de control ES-MaACL
005 - FECHA Y HORA DE LA ÚLTIMA TRANSACCIÓN
campo de control 20230906162641.0
007 - CAMPO FIJO DE DESCRIPCIÓN FÍSICA--INFORMACIÓN GENERAL
campo de control de longitud fija t|
008 - DATOS DE LONGITUD FIJA--INFORMACIÓN GENERAL
campo de control de longitud fija 030904s1959 sp ||||1| spa d
245 00 - MENCIÓN DEL TÍTULO
Título Defectos de fundición /
Mención de responsabilidad, etc. edición española preparada por Juan Sisquella Argila.
260 ## - PUBLICACIÓN, DISTRIBUCIÓN, ETC.
Lugar de publicación, distribución, etc. Madrid :
Nombre del editor, distribuidor, etc. Aguilar,
Fecha de publicación, distribución, etc. 1959 (
Fabricante Montaña)
300 ## - DESCRIPCIÓN FÍSICA
Extensión XXIII, 189 p., 26 lám. :
Otras características físicas il. ;
Dimensiones 22 cm.
500 ## - NOTA GENERAL
Nota general Precede al tít.: American Foundrymen's Association.
700 1# - ENTRADA AGREGADA--NOMBRE PERSONAL
Nombre de persona Sisquella Argila, Juan.
9 (RLIN) 106696
710 2# - ENTRADA AGREGADA--NOMBRE DE ENTIDAD CORPORATIVA
Nombre de entidad corporativa o nombre de jurisdicción como elemento de entrada American Foundrymen's Association.
9 (RLIN) 1357
852 ## - LOCALIZACIÓN
Ubicación ES-MaACL
Número de control de estantería C-16563
Sublocalización o colección R.44634
Holdings
Estatus retirado Estado de pérdida Estado de daño No para préstamo Biblioteca de origen Biblioteca actual Ubicación en estantería Fecha de adquisición Fuente de adquisición Total de préstamos Signatura topográfica completa Código de barras Visto por última vez Precio de reemplazo Tipo de ítem Koha
        Biblioteca del Ateneo de Madrid Biblioteca del Ateneo de Madrid Galería 17/01/2008     C-16563 1055499 23/02/2023 23/02/2023 Libro impreso